Huelga médica: ¿Cómo tomarle el pulso al gobierno?

Tallennettuna:
Bibliografiset tiedot
Aineistotyyppi: Teksti
Aiheet:
Tagit: Lisää tagi
Ei tageja, Lisää ensimmäinen tagi!

MARC

LEADER 00000 a a2200000 04500
001 1546
003
040
245 |a Huelga médica:   |b ¿Cómo tomarle el pulso al gobierno?  
650 |a HUELGAS  
650 |a MEDICOS  
650 |a SALARIOS  
650 |a COSTA RICA  
773 |g número 9; páginas 9-13  
999 |c 39856  |d 39856